Badly Drawn Country Outlines II Quiz Stats

 Plays Quiz Updated Dec 6, 2018

Support Sporcle.
Go Orange.
Score 0/10 Timer 03:00
7 Plays Today
% Correct
United States
97.6%
United Kingdom
89.1%
Japan
85.4%
Egypt
84.1%
Cuba
75.8%
New Zealand
73.5%
Brazil
64.7%
Peru
42.3%
Chad
42.1%
Pakistan
37%

You're not logged in!

Compare scores with friends on all Sporcle quizzes.
OR
Log In

From the Vault

Same Date Holidays

by Scott

We just happen to like holidays that stay consistent. Unlike Thanksgiving which just shows up whenever it feels like.
Remove Ads.
Support Sporcle.
Get the best of Sporcle when you Go Orange. This ad-free experience offers more features, more stats, and more fun while also helping to support Sporcle. Thank you for becoming a member.

Show Comments

Extras

Top Quizzes Today


Score Distribution

Your Account Isn't Verified!

In order to create a playlist on Sporcle, you need to verify the email address you used during registration. Go to your Sporcle Settings to finish the process.

Report this User

Report this user for behavior that violates our Community Guidelines.

Details: